000706568 001__ 706568 000706568 005__ 20210126125141.0 000706568 037__ $$aRWTH-2017-08736 000706568 041__ $$aEnglish 000706568 1001_ $$0P:(DE-82)IDM01125$$aQuadflieg, Till Arne$$b0$$eCorresponding author$$urwth 000706568 1112_ $$aFiber Society 2017 Spring Conference$$cAachen$$d2017-05-17 - 2017-05-19$$wGermany 000706568 245__ $$aCharacterization of warp-knitted reinforcing fabrics and cement-based composites : influence of yarn and stitch types on mechanical performance$$honline 000706568 260__ $$aAachen$$bInstitut für Textiltechnik der RWTH Aachen$$c2017 000706568 29510 $$aNext Generation Fibers for Smart Products : The Fiber Society 2017 Spring Conference ; May 17–19, 2017 / Conference Chairs: Dr. Thomas Gries and Dr. Yves-Simon Gloy 000706568 300__ $$a1 Seite 000706568 3367_ $$033$$2EndNote$$aConference Paper 000706568 3367_ $$0PUB:(DE-HGF)1$$2PUB:(DE-HGF)$$aAbstract$$babstract$$mabstract 000706568 3367_ $$0PUB:(DE-HGF)8$$2PUB:(DE-HGF)$$aContribution to a conference proceedings 000706568 3367_ $$2BibTeX$$aINPROCEEDINGS 000706568 3367_ $$2DRIVER$$aconferenceObject 000706568 3367_ $$2DataCite$$aOutput Types/Conference Paper 000706568 3367_ $$2ORCID$$aCONFERENCE_PAPER 000706568 591__ $$aGermany 000706568 591__ $$aRussia 000706568 7001_ $$0P:(DE-82)013192$$aStolyarov, Oleg$$b1 000706568 7001_ $$0P:(DE-82)IDM01055$$aGries, Thomas$$b2$$urwth 000706568 7870_ $$0RWTH-2021-01069$$iHasPart 000706568 8564_ $$uhttp://thefibersociety.org/Portals/0/Past%20Conferences/2017_Spring_Abstracts.pdf$$yFulltext 000706568 909CO $$ooai:publications.rwth-aachen.de:706568$$pVDB 000706568 9101_ $$0I:(DE-588b)36225-6$$6P:(DE-82)IDM01125$$aRWTH Aachen$$b0$$kRWTH 000706568 9101_ $$0I:(DE-588b)36225-6$$6P:(DE-82)IDM01055$$aRWTH Aachen$$b2$$kRWTH 000706568 9141_ $$y2017 000706568 9201_ $$0I:(DE-82)419110_20140620$$k419110$$lLehrstuhl für Textilmaschinenbau und Institut für Textiltechnik$$x0 000706568 961__ $$c2017-10-10T11:19:15.988734$$x2017-10-10T11:19:15.988734$$z2017-10-10 000706568 980__ $$aI:(DE-82)419110_20140620 000706568 980__ $$aUNRESTRICTED 000706568 980__ $$aVDB 000706568 980__ $$aabstract 000706568 980__ $$acontrib